00191nam a2200073Ia 4500008004100000082000800041100001700049245005100066240331s9999 xx 000 0 und d bRAN aRanaweera, E 0aWhat will you do do do clara what will you do?